| 000 | 00827cam a22002535a 4500 | ||
|---|---|---|---|
| 999 |
_c11227 _d11227 |
||
| 003 | EG-ScBUE | ||
| 005 | 20191209124940.0 | ||
| 008 | 090408r20102002enk f d 000 0 eng d | ||
| 020 | _a9780194312431 | ||
| 040 |
_aEG-ScBUE _beng _erda _cEG-ScBUE _dEG-ScBUE |
||
| 082 | 0 | 4 |
_a423.1 _bOXF _222 |
| 245 | 0 | 0 |
_aOxford collocations dictionary : _bfor students of English. |
| 250 | _aReprint edition. | ||
| 264 | 1 |
_aOxford ; _aNew York : _bOxford University Press, _c2010. |
|
| 300 |
_axiii, 897 pages : _billustrations ; _c24 cm |
||
| 336 |
_2rdacontent _atext _btxt |
||
| 337 |
_2rdamedia _aunmediated _bn |
||
| 338 |
_2rdacarrier _avolume _bnc |
||
| 590 | _abasant emad | ||
| 650 | 7 |
_aCollocation (Linguistics) _vDictionaries. _2BUEsh _93353 |
|
| 653 |
_bHHUUEENN _cSeptember2018 |
||
| 655 | _vReading book | ||
| 942 |
_2ddc _cREFERENCE |
||